| 000 | 00544nam a2200157 a 4500 | ||
|---|---|---|---|
| 008 | 120416s0000 ||||||||||||||||| || u | ||
| 020 | _a9971848686 | ||
| 050 | _aHT 169.5 Cor | ||
| 100 | _aCorrea, Charles | ||
| 245 | 1 | 4 | _aThe new landscape |
| 246 | _aurbanisation in the third world | ||
| 260 |
_aLondon _bButterworth Architecture _c1989 |
||
| 300 | _a120p. : ill. | ||
| 350 | _a0.00 | ||
| 995 |
_D0.00 _FCBU-MAIN LIBRARY (Kitwe) _H1 _I12.95 _UAVAILABLE _ZMain Library Open Access Collection |
||
| 999 |
_c52151 _d52151 |
||